00957 a2200181 45000010006000000050017000060080041000230030015000640400040000790800025001192450062001440200022002062640033002283000019002615050343002801000022006238560130006451881420260407155459.0260407a2006 arg spa dAR-UNSa-BCEJYS aAR-UNSa-BCEJYSbspacAR-UNSa-BCEJYS a343.2xDerecho penal10aUn arte abyectopensayo sobre el gobierno de la penalidad a978-950-894-582-2 1aBuenos Aires :bAD-HOCc2006 a319 p.c23 cm. a1. El orden carcelario - 2. El orden injustificable - 3. Soñar el desorden - 4. El grotesco de la penología contemporánea - 5. La ronda penitenciaria - 6. Cien años de sufrimiento - 7. Más allá de la penalidad: seguridad frente al delito - 8. Por una política democrática del gobierno de la seguridad - 9. Cómo resistir1 aPavarini, Massimo41uhttps://biblioeco.unsa.edu.ar/pmb/images/libros/Un arte abyecto Pavarini, Massimo (2006)2.jpgyImagen de portadaqimage/jpeg